LEADER 01751nam 2200373Ia 450 001 996395459803316 005 20200824125259.0 035 $a(CKB)3810000000018418 035 $a(EEBO)2240911582 035 $a(OCoLC)ocm36272729e 035 $a(OCoLC)36272729 035 $a(EXLCZ)993810000000018418 100 $a19970127d1681 uy | 101 0 $aeng 135 $aurbn||||a|bb| 200 10$aDeath triumphant, or, The most renowned, mighty, puissant and irresistible champion and conqueror general of the whole world, Death, described$b[electronic resource] $ewith a descripton [sic] of his notable fights and triumphant victories obtained against all creatures, especially against the sons and daughters of men : also his particular stratagems and numerous regiment of sicknesses and diseases whereby he conquers and subdues mankind : lively set forth to the view of all men for their better preparation for the day of their death and dissolution out of this sinful life /$fby Andrew Jones 205 $aThe fifth edition. 210 $aLondon $cPrinted for Will. Thackery ...$d1681 215 $a[21] p. $cill 300 $aIllustrated frontispiece. 300 $aReproduction of the original in the Harvard University Library. 330 $aeebo-0189 606 $aDeath 606 $aChristian life$xAnglican authors 615 0$aDeath. 615 0$aChristian life$xAnglican authors. 700 $aJones$b Andrew$cM.A.$0569681 801 0$bEAE 801 1$bEAE 801 2$bWaOLN 906 $aBOOK 912 $a996395459803316 996 $aDeath triumphant, or, The most renowned, mighty, puissant and irresistible champion and conqueror general of the whole world, Death, described$91889157 997 $aUNISA